Cyclisme : Top 20 du Tirreno Adriatico 2024 - Statistiques

Statistiques générales
  • Ce quiz a été pris 25 fois
  • Le résultat moyen est 10 sur 20
Statistiques - réponses
Position Equipe Coureur % Correct
1er Visma Lease a Bike Jonas Vingegaard
100%
2eme UAE Team Emirates Juan Ayuso
100%
5eme Decathlon Ag2r La Mondiale Ben O'Connor
80%
3eme BORA Hansgrohe Jai Hindley
80%
17eme Arkea B&B Hotels Christian Rodriguez
75%
12eme Movistar Team Enric Mas
70%
4eme UAE Team Emirates Isaac Del Toro
65%
10eme Arkea B&B Hotels Kevin Vauquelin
60%
13eme Groupama FDJ Romain Gregoire
55%
9eme Ineos Grenadier Thomas Pidcock
50%
14eme Astana Qazaqstan Team Lorenzo Fortunato
45%
18eme Team Polti Kometa Davide Piganzoli
40%
6eme Ineos Grenadier Thymen Arensman
40%
7eme Visma Lease a Bike Cian Uijtdebroeks
30%
19eme Jayco AlUla Filippo Zana
25%
8eme BORA Hansgrohe Lennard Kamna
20%
11eme Bahrain Victorious Wouter Poels
20%
20eme Movistar Team Ivan Ramiro Sosa
15%
16eme Ineos Grenadier Magnus Scheffield
15%
15eme UAE Team Emirates Mikkel Bjerg
15%
Aucun quiz correspondant
Distribution des résultats
% des personnes avec chaque résultat
Percentile par nombre de réponses
Votre historique - résultats
Vous n’avez pas pris ce quiz